| Поле | Название | Значение |
| |
Тип записи |
a |
| |
Библиографический уровень |
c |
| 001 |
Контрольный номер |
7f4e439625a542db9b58f588602fcc45 |
| 005 |
Дата корректировки |
20260428113041.0 |
| 010 |
Индекс ISBN |
__ |
| a |
ISBN |
978-5-389-25595-1 |
| 9 |
Тираж |
5000 экз. |
| b |
Уточнения |
в пер. |
| d |
Цена |
150-00 |
| 100 |
Данные общей обработки |
__ |
| a |
Данные общей обработки |
20260420d2025 d y0rusy028902 ca |
| 101 |
Язык документа |
0_ |
| a |
Язык текста |
rus |
| 102 |
Страна публикации |
__ |
| a |
Страна публикации |
RU |
| 105 |
Кодированные данные (монография) |
__ |
| a |
Кодированные данные (монография) |
a z 000ay |
| 181 |
Поле кодированных данных: вид содержания |
_0 |
| a |
Код вида содержания (ISBD) |
i |
| 182 |
Поле кодированных данных: тип средства |
_0 |
| a |
Код типа средства (ISBD) |
n |
| 200 |
Заглавие и сведения об ответственности |
1_ |
| a |
Заглавие |
Вечера на хуторе близ Диканьки |
| e |
Сведения, относящиеся к заглавию |
повести, изданные пасичником Рудым Паньком |
| e |
Сведения, относящиеся к заглавию |
[для среднего школьного возраста] |
| f |
Первые сведения об ответственности |
Николай Гоголь |
| g |
Последующие сведения об ответственности |
художник Алексей Лаптев |
| 203 |
Вид содержания и тип средства |
__ |
| a |
Вид содержания |
Текст |
| c |
Тип средства |
непосредственный |
| 210 |
Выходные данные |
1_ |
| a |
Место издания |
Москва |
| c |
Издательство |
Махаон |
| c |
Издательство |
Азбука-Аттикус |
| d |
Дата издания |
2025 |
| 215 |
Физическое описание |
__ |
| a |
Объем |
173, [2] с. |
| d |
Формат |
21 см |
| c |
Иллюстрации/тип воспроизводства |
цв. ил. |
| 330 |
Аннотация |
__ |
| a |
Аннотация |
"Вечера на хуторе близ Диканьки" - без сомнения, литературный шедевр, наполненный уникальной атмосферой, неповторимым остроумием Николая Гоголя, его фантазией. Сколько в этом произведении мистики, колоритного описания быта, сколько любви к родному краю! Писатель обладал редчайшим даром изложения и способностью видеть чудесное в самом на первый взгляд обыкновенном и традиционном. В книгу вошли избранные повести из цикла. |
| 333 |
Примечание о целевом назначении |
__ |
| a |
Примечание о целевом назначении |
0+ |
| 464 |
Аналитический уровень |
_0 |
| 1 |
|
2001 |
| a |
|
Вечер накануне Ивана Купала |
| 464 |
Аналитический уровень |
_0 |
| 1 |
|
2001 |
| a |
|
Майская ночь, или Утопленница |
| 464 |
Аналитический уровень |
_0 |
| 1 |
|
2001 |
| a |
|
Ночь перед Рождеством |
| 606 |
Тематические рубрики |
__ |
| 2 |
Код системы |
nlr_sh |
| a |
Основная рубрика |
Художественная литература |
| 606 |
Тематические рубрики |
__ |
| 2 |
Код системы |
nlr_sh |
| a |
Основная рубрика |
Русская литература XIX в. (произведения) |
| 610 |
Ключевые слова |
0_ |
| a |
Ключевые слова |
русская литература |
| 610 |
Ключевые слова |
0_ |
| a |
Ключевые слова |
классическая литература |
| 610 |
Ключевые слова |
0_ |
| a |
Ключевые слова |
русская классическая литература |
| 610 |
Ключевые слова |
0_ |
| a |
Ключевые слова |
русская классика |
| 610 |
Ключевые слова |
0_ |
| a |
Ключевые слова |
детская литература |
| 610 |
Ключевые слова |
0_ |
| a |
Ключевые слова |
детская классика |
| 610 |
Ключевые слова |
0_ |
| a |
Ключевые слова |
тема нечистой силы |
| 610 |
Ключевые слова |
0_ |
| a |
Ключевые слова |
нечистая сила |
| 610 |
Ключевые слова |
0_ |
| a |
Ключевые слова |
тема Рождества |
| 610 |
Ключевые слова |
0_ |
| a |
Ключевые слова |
Рождество |
| 610 |
Ключевые слова |
0_ |
| a |
Ключевые слова |
экранизации |
| 686 |
Индексы других классификаций |
__ |
| a |
Классификационный индекс |
ст84(2=411.2)1-4 |
| 2 |
Код системы |
rubbks |
| 700 |
Автор |
_1 |
| a |
Фамилия |
Гоголь |
| b |
Имя |
Н. В. |
| g |
Полное личное имя |
Николай Васильевич |
| f |
Даты |
1809-1852 |
| 4 |
Код отношения |
070 |
| 702 |
Вторичная интеллектуальная ответственность |
_1 |
| a |
Фамилия |
Лаптев |
| b |
Имя |
А. М. |
| g |
Полное личное имя |
Алексей Михайлович |
| 4 |
Код отношения |
440 |
| f |
Даты |
1905-1965 |
| 801 |
Источник записи |
_1 |
| a |
Страна |
RU |
| b |
Организация |
Муниципальное бюджетное учреждение культуры "Централизованная библиотечная система" г. Сургут (Центральная городская библиотека им. А. С. Пушкина) |
| c |
Дата составления |
20260420 |
| g |
Правила каталогизации |
PSBO |
| 801 |
Источник записи |
_2 |
| a |
Страна |
RU |
| b |
Организация |
Муниципальное бюджетное учреждение культуры "Централизованная библиотечная система" г. Сургут (Центральная городская библиотека им. А. С. Пушкина) |
| c |
Дата составления |
20260420 |
| g |
Правила каталогизации |
PSBO |
| 852 |
Данные о местонахождении |
__ |
| i |
Авторский знак |
Г 58 |
| j |
Шифр хранения |
ст84(2=411.2)1-4 |
| 900 |
Макрообъекты |
__ |
| a |
Макрообъекты |
Вечера на хуторе близ Диканьки. Гоголь, Н., 2025 |
| 901 |
Тип документа |
__ |
| a |
Ответственный |
ООФиК/Волкова |
| t |
Тип документа |
x |
| 901 |
Тип документа |
__ |
| a |
Ответственный |
5 партия |
| 903 |
Характеристики (МАРС) |
__ |
| a |
Дата передачи |
20260420 |
| c |
Наименование библиотеки (МАРС) |
Муниципальное бюджетное учреждение культуры "Централизованная библиотечная система" г. Сургут (Центральная городская библиотека им. А. С. Пушкина) |
| 969 |
Тип издания |
__ |
| a |
Тип издания |
издание для детей |
| 990 |
Данные о заказе (DOS) |
__ |
| j |
Количество экземпляров (DOS) |
1 |
| t |
N записи в КСУ для И/У (DOS) |
202605 |